000 00389nam a2200169Ia 4500
008 210210b1953 xxu||||| |||| 00| 0 eng d
041 _aeng
082 _a519/20
100 _aCAJORI (F)
245 _aHistory of mathematics
260 _aNew York
_bThe Macmillan Co
_c1953
650 _aof
650 _amathematics
650 _aHistory
690 _aMathematics
906 _a007881
999 _c140740
_d140740